[Event "Toronto Malcolm Memorial Sim-2"]
[Site "Toronto"]
[Date "2002.04.06"]
[Round "8"]
[White "Sherman, Robert"]
[Black "Millar, David"]
[Result "0-1"]
[WhiteElo "1962"]
[BlackElo "1855"]
[PlyCount "50"]
[EventDate "2002.02.13"]
[EventType "tourn"]
[EventRounds "9"]
[EventCountry "CAN"]
[SourceTitle "EXT 2022"]
[Source "ChessBase"]
[SourceDate "2021.10.06"]
[SourceVersion "1"]
[SourceVersionDate "2021.10.06"]
[SourceQuality "1"]

1. e4 c5 2. Nf3 Nc6 3. d4 cxd4 4. Nxd4 Nf6 5. Nc3 d6 6. Bc4 e6 7. Bb3 Be7 8. Be3 Qa5 9. f3 0-0 10. Qd2 Nxd4 11. Bxd4 Nd7 12. 0-0 Nc5 13. f4 a6 14. Qf2 Nxb3 15. axb3 Qh5 16. Bb6 Bd7 17. Ra5 f5 18. Qd2 Bc6 19. Re1 Qg6 20. Nd5 Bh4 21. exf5 Rxf5 22. Rxe6 Qxe6 23. Nc7 Rxa5 24. Bxa5 Qe4 25. Nxa8 Be1 0-1

[Event "Toronto-ch Reserves"]
[Site "Toronto"]
[Date "2002.02.06"]
[Round "10"]
[White "Millar, David"]
[Black "Cohen, David"]
[Result "1/2-1/2"]
[WhiteElo "1877"]
[BlackElo "2023"]
[PlyCount "104"]
[EventDate "2002.01.??"]
[EventType "tourn"]
[EventRounds "11"]
[EventCountry "CAN"]
[SourceTitle "EXT 2006"]
[Source "ChessBase"]
[SourceDate "2005.11.24"]
[SourceVersion "1"]
[SourceVersionDate "2005.11.24"]
[SourceQuality "1"]

1. d4 d5 2. c4 c6 3. Nc3 Nf6 4. Nf3 e6 5. e3 Bd6 6. Bd3 Nbd7 7. 0-0 0-0 8. e4 dxe4 9. Nxe4 Nxe4 10. Bxe4 h6 11. Re1 Nf6 12. Bc2 Qc7 13. Ne5 Rd8 14. Qf3 Ne8 15. Bf4 Qe7 16. Qg3 Bxe5 17. dxe5 g5 18. Rad1 Bd7 19. Qd3 f5 20. exf6 Nxf6 21. Be5 Be8 22. Qf3 Rxd1 23. Bxd1 Nd7 24. Bc3 Bg6 25. Qe3 c5 26. Bg4 Nf8 27. Qe5 Qh7 28. Bxe6+ Nxe6 29. Qxe6+ Bf7 30. Qf6 Re8 31. Rxe8+ Bxe8 32. h3 Qg6 33. Qe7 Bc6 34. Qxc5 g4 35. Qe7 gxh3 36. Qd8+ Be8 37. Qd5+ Bf7 38. Qd8+ Be8 39. g3 Qe4 40. Qd5+ Qxd5 41. cxd5 Bd7 42. f3 h5 43. g4 hxg4 44. fxg4 Bxg4 45. Be5 Kf7 46. Kf2 Ke7 47. Ke3 Kd7 48. Kd4 Bf3 49. b4 a6 50. a4 Bg2 51. Kc5 Bf3 52. Kd4 Bg2 1/2-1/2

[Event "Toronto-ch Reserves"]
[Site "Toronto"]
[Date "2002.01.30"]
[Round "8"]
[White "Millar, David"]
[Black "Bergeron, Florian"]
[Result "1/2-1/2"]
[WhiteElo "1877"]
[BlackElo "1954"]
[PlyCount "81"]
[EventDate "2002.01.??"]
[EventType "tourn"]
[EventRounds "11"]
[EventCountry "CAN"]
[SourceTitle "EXT 2006"]
[Source "ChessBase"]
[SourceDate "2005.11.24"]
[SourceVersion "1"]
[SourceVersionDate "2005.11.24"]
[SourceQuality "1"]

1. d4 Nf6 2. Nf3 g6 3. Nc3 Bg7 4. e4 d6 5. h3 0-0 6. Be3 Nbd7 7. Qd2 e5 8. 0-0-0 c6 9. dxe5 dxe5 10. Nxe5 Nxe4 11. Nxe4 Bxe5 12. Bd4 Qe7 13. f4 Bg7 14. Bxg7 Kxg7 15. Qc3+ f6 16. Bd3 Nb6 17. Rhe1 Nd5 18. Qd2 Qc7 19. Rf1 Bf5 20. c4 Bxe4 21. Bxe4 Nb6 22. Qc3 Rad8 23. g3 Qe7 24. Bf3 Qc5 25. b3 Nd5 26. Bxd5 cxd5 27. Rd4 Qa3+ 28. Kb1 dxc4 29. Qxc4 Rxd4 30. Qxd4 Re8 31. Qd3 Re7 32. g4 Qb4 33. Kb2 Qb6 34. g5 fxg5 35. fxg5 Qe3 36. Rf3 Qe5+ 37. Qc3 Qxc3+ 38. Kxc3 Re5 39. Rg3 Kf7 40. Kd4 Rf5 41. a4 1/2-1/2

[Event "Toronto-ch Reserves"]
[Site "Toronto"]
[Date "2002.01.26"]
[Round "4"]
[White "Millar, David"]
[Black "Picana, Andrew"]
[Result "0-1"]
[WhiteElo "1877"]
[BlackElo "2018"]
[PlyCount "82"]
[EventDate "2002.01.??"]
[EventType "tourn"]
[EventRounds "11"]
[EventCountry "CAN"]
[SourceTitle "EXT 2006"]
[Source "ChessBase"]
[SourceDate "2005.11.24"]
[SourceVersion "1"]
[SourceVersionDate "2005.11.24"]
[SourceQuality "1"]

1. e4 c5 2. Nf3 d6 3. d4 cxd4 4. Nxd4 Nf6 5. Nc3 a6 6. Be2 e5 7. Nb3 Be6 8. Bg5 Be7 9. 0-0 0-0 10. Be3 b5 11. a3 Nbd7 12. f4 Qc7 13. Nd2 Nb6 14. Qe1 Rac8 15. Qg3 Kh8 16. Rae1 Rfe8 17. Kh1 Bc4 18. fxe5 dxe5 19. Bxc4 Nxc4 20. Nxc4 Qxc4 21. Bg5 Qe6 22. Qh4 Ng8 23. Bxe7 Nxe7 24. Rd1 Ng6 25. Qg5 f6 26. Qd2 Nf4 27. g3 Nh3 28. Kg2 Ng5 29. Qd7 Qc4 30. Qf5 a5 31. Rd7 Rc7 32. Rfd1 b4 33. Rxc7 Qxc7 34. Rd7 Qc6 35. h4 g6 36. Qg4 h5 37. Qd1 bxc3 38. hxg5 cxb2 39. gxf6 Qxd7 40. Qc1 Rc8 41. Qh6+ Qh7 0-1

[Event "Toronto-ch Reserves"]
[Site "Toronto"]
[Date "2002.01.09"]
[Round "1"]
[White "Millar, David"]
[Black "Vadachkoriya, Irakli"]
[Result "0-1"]
[WhiteElo "1877"]
[BlackElo "1949"]
[PlyCount "64"]
[EventDate "2002.01.??"]
[EventType "tourn"]
[EventRounds "11"]
[EventCountry "CAN"]
[SourceTitle "EXT 2006"]
[Source "ChessBase"]
[SourceDate "2005.11.24"]
[SourceVersion "1"]
[SourceVersionDate "2005.11.24"]
[SourceQuality "1"]

1. d4 Nf6 2. c4 g6 3. Nc3 Bg7 4. e4 d6 5. f3 0-0 6. Be3 Nbd7 7. Qd2 e5 8. d5 Nh5 9. 0-0-0 f5 10. exf5 gxf5 11. Nge2 Nhf6 12. Bg5 Qe8 13. Ng3 Qg6 14. Nxf5 Qxf5 15. Bd3 e4 16. Nxe4 Nxe4 17. Bxe4 Qf7 18. Qc2 Be5 19. g3 Nc5 20. Bh6 Re8 21. Rhf1 Bd7 22. f4 Bxb2+ 23. Qxb2 Nxe4 24. f5 Qf6 25. Qxf6 Nxf6 26. g4 Re2 27. h3 Rae8 28. a3 Ne4 29. f6 Kf7 30. Rd3 Ba4 31. Rff3 Rc2+ 32. Kb1 Nc3+ 0-1

[Event "Toronto-ch res"]
[Site "Toronto"]
[Date "2001.02.07"]
[Round "11"]
[White "Sherman, Robert"]
[Black "Millar, David"]
[Result "1-0"]
[WhiteElo "1925"]
[BlackElo "1951"]
[PlyCount "53"]
[EventDate "2001.??.??"]
[EventType "tourn"]
[EventRounds "11"]
[EventCountry "CAN"]
[SourceTitle "EXT 2003"]
[Source "ChessBase"]
[SourceDate "2002.11.25"]
[SourceVersion "1"]
[SourceVersionDate "2002.11.25"]
[SourceQuality "1"]

1. g4 d5 2. e3 e5 3. d4 Bd6 4. h3 Nc6 5. dxe5 Nxe5 6. Nf3 Nxf3+ 7. Qxf3 Be6 8. Nc3 c6 9. Bd3 Ne7 10. Bd2 Qc7 11. Qe2 0-0-0 12. 0-0-0 Rhe8 13. Rhe1 f5 14. gxf5 Bxf5 15. Bxf5+ Nxf5 16. Qg4 Qd7 17. e4 dxe4 18. Nxe4 h5 19. Qxh5 Rh8 20. Qg4 Qf7 21. Bg5 Be5 22. Rxd8+ Rxd8 23. Bxd8 Kxd8 24. Ng5 Qf6 25. Rxe5 Ne3 26. Qd4+ Nd5 27. c4 1-0

[Event "Toronto-ch res"]
[Site "Toronto"]
[Date "2001.01.31"]
[Round "8"]
[White "Paterson, Jim"]
[Black "Millar, David"]
[Result "0-1"]
[WhiteElo "1967"]
[BlackElo "1951"]
[PlyCount "166"]
[EventDate "2001.??.??"]
[EventType "tourn"]
[EventRounds "11"]
[EventCountry "CAN"]
[SourceTitle "EXT 2003"]
[Source "ChessBase"]
[SourceDate "2002.11.25"]
[SourceVersion "1"]
[SourceVersionDate "2002.11.25"]
[SourceQuality "1"]

1. d4 d5 2. e3 Nf6 3. Bd3 c5 4. c3 e6 5. f4 Nc6 6. Nd2 Bd6 7. Qf3 Bd7 8. Ne2 e5 9. fxe5 Bxe5 10. Bf5 Bd6 11. dxc5 Ne5 12. Bxd7+ Qxd7 13. Qh3 Nd3+ 14. Kf1 Qxh3 15. gxh3 Bxc5 16. Nd4 g6 17. Ke2 Nxc1+ 18. Raxc1 0-0 19. Rcf1 Ne4 20. Rhg1 Rae8 21. N2f3 Nd6 22. b3 Re7 23. Kd3 Rfe8 24. Re1 Ne4 25. h4 h5 26. Rg2 Kh8 27. Ng5 Nf6 28. h3 Nd7 29. Rf2 Ne5+ 30. Kd2 Kg8 31. Ree2 a6 32. a4 Kg7 33. Ngf3 Nxf3+ 34. Rxf3 Bxd4 35. cxd4 Re4 36. Kd3 f5 37. Rf4 Rxf4 38. exf4 Re4 39. Rf2 Kf6 40. Rf3 Ke6 41. b4 b5 42. axb5 axb5 43. Rf1 Kd6 44. Rg1 Rxf4 45. Rxg6+ Kc7 46. Rg5 Rxh4 47. Rxf5 Rxh3+ 48. Ke2 Kd6 49. Rf6+ Ke7 50. Rb6 Rb3 51. Rxb5 Ke6 52. Rb8 h4 53. Re8+ Kd6 54. Rh8 h3 55. Kf2 Kc6 56. Rc8+ Kd7 57. Rh8 h2 58. Kg2 Rb1 59. Kxh2 Rxb4 60. Rh4 Rb3 61. Kg2 Re3 62. Kf2 Re6 63. Kf3 Kc6 64. Rf4 Kb5 65. Rf5 Kc4 66. Re5 Rf6+ 67. Ke2 Rh6 68. Kd2 Kxd4 69. Re2 Ra6 70. Ke1 Ra1+ 71. Kf2 Kc4 72. Rc2+ Kd3 73. Rb2 Kc3 74. Rb8 d4 75. Rc8+ Kd2 76. Kf3 Re1 77. Rd8 d3 78. Kf2 Re7 79. Rf8 Kd1 80. Rd8 d2 81. Rc8 Re5 82. Rc7 Rf5+ 83. Ke3 Ke1 0-1